书目信息 |
| 题名: |
JavaScript权威指南
|
|
| 作者: | 弗兰纳根 , 弗兰纳根 著 ;淘宝前端团队 译 | |
| 分册: | ||
| 出版信息: | 北京 机械工业出版社 2012.04 |
|
| 页数: | 1004页 | |
| 开本: | 24cm | |
| 丛书名: | ||
| 单 册: | ||
| 中图分类: | TP312JA , TP312 | |
| 科图分类: | ||
| 主题词: | JAVA语言--程序设计 | |
| 电子资源: | ||
| ISBN: | 978-7-111-37661-3 | |
| 000 | 01084nam0 2200301 450 | |
| 001 | 006023460 | |
| 005 | 20160301161414.83 | |
| 010 | @a978-7-111-37661-3@dCNY139.00 | |
| 100 | @a20120301d2012 em y0chiy50 ea | |
| 101 | 1 | @achi@ceng |
| 102 | @aCN@b110000 | |
| 105 | @ay z 000yy | |
| 200 | 1 | @aJavaScript权威指南@AJavaScript quan wei zhi nan@f弗兰纳根著@Ffu lan na gen zhu@g淘宝前端团队译 |
| 210 | @a北京@c机械工业出版社@d2012.04 | |
| 215 | @a1004页@d24cm | |
| 305 | @aO'Reilly Media, Inc.授权 据原书第6版译出 | |
| 312 | @a封面英文题名:JavaScript: the definitive guide | |
| 330 | @a本书共分四部分,包括JavaScript语言核心、客户端JavaScript、JavaScript核心参考、客户端JavaScript参考。 | |
| 510 | 1 | @aJavaScript: the definitive guide@zeng |
| 606 | 0 | @aJAVA语言@x程序设计 |
| 610 | 0 | @aJavaScript |
| 690 | @aTP312JA@v5 | |
| 690 | @aTP312@v5 | |
| 701 | 0 | @c(美)@a弗兰纳根@Afu lan na gen@c(Flanagan, David)@4著 |
| 701 | 0 | @a弗兰纳根@Afu lan na gen@4著 |
| 712 | 02 | @a淘宝前端团队@Atao bao qian duan tuan dui@4译 |
| 801 | 0 | @aCN@c20121226 |
| 905 | @dTP312@eF5941@f1 | |
| JavaScript权威指南/弗兰纳根著/淘宝前端团队译.-北京:机械工业出版社,2012.04 |
| 1004页;24cm |
| ISBN 978-7-111-37661-3:CNY139.00 |
| 本书共分四部分,包括JavaScript语言核心、客户端JavaScript、JavaScript核心参考、客户端JavaScript参考。 |
| ● |
| 相关链接 |
|
|
|
正题名:JavaScript权威指南
索取号:TP312/F5941
 
预约/预借
| 序号 | 登录号 | 条形码 | 馆藏地/架位号 | 状态 | 备注 |
| 1 | 1213585 | 212135857 | 期刊室512/301自科库 48排6列2层/ [索取号:TP312/F5941] | 在馆 | |
| 2 | 1222245 | 212222450 | 计算机与数据科学学院资料室/ [索取号:TP312/F5941] | 在馆 | |
| 3 | 492862 | 204928622 | 计算机与数据科学学院资料室/ [索取号:TP312/F5941] | 在馆 |